000
00297nam a2200109Ia 4500
008
171211s9999 xx 000 0 und d
245
_a
Smile to Your Heart Meditations
245
_c
Irmansyah Effendi
260
_c
2010
650
_x
FITNESS
856
_u
http://down.ebook777.com/061/1569758158.pdf
999
_c
349093
_d
349093